Democratic or Republican by state - 2024 Election - Statistics

General Stats
  • This quiz has been taken 391 times
  • The average score is 44 of 51
Answer Stats
Hint Answer % Correct
Hawaii Democratic Party
97%
Massachusetts Democratic Party
96%
Texas Republican Party
96%
California Democratic Party
95%
Kentucky Republican Party
92%
Delaware Democratic Party
91%
New York Democratic Party
91%
Maine Democratic Party
90%
Connecticut Democratic Party
90%
Rhode Island Democratic Party
90%
New Hampshire Democratic Party
90%
Montana Republican Party
90%
Arkansas Republican Party
90%
Kansas Republican Party
90%
Alabama Republican Party
90%
Florida Republican Party
90%
Washington Democratic Party
89%
Tennessee Republican Party
89%
Iowa Republican Party
89%
South Dakota Republican Party
89%
District of Columbia Democratic Party
88%
Vermont Democratic Party
88%
South Carolina Republican Party
88%
Nebraska Republican Party
88%
Missouri Republican Party
88%
Utah Republican Party
88%
New Jersey Democratic Party
86%
Idaho Republican Party
86%
Mississippi Republican Party
86%
Arizona Republican Party
85%
North Carolina Republican Party
85%
Oklahoma Republican Party
85%
Wyoming Republican Party
85%
Minnesota Democratic Party
84%
Ohio Republican Party
84%
Georgia Republican Party
84%
North Dakota Republican Party
84%
Louisiana Republican Party
84%
West Virginia Republican Party
83%
Indiana Republican Party
83%
Maryland Democratic Party
82%
Alaska Republican Party
81%
Colorado Democratic Party
79%
Illinois Democratic Party
79%
Oregon Democratic Party
79%
Wisconsin Republican Party
78%
Pennsylvania Republican Party
78%
Nevada Republican Party
74%
New Mexico Democratic Party
72%
Michigan Republican Party
71%
Virginia Democratic Party
65%
No matching quizzes found
Score Distribution
Percent of People with Each Score
Percentile by Number Answered
Your Score History
You have not taken this quiz